• 首页
  • 本馆介绍
  • 公告通知
  • 最新文献
  • 馆藏检索
  • 电子资源
  • 读者导购
  • 参考咨询
  • 我的图书馆
  • 登录
  • 详细信息显示
  • 放入我的书架
  • 预约/预借图书
  • 作者相关作品
  • 分类相关作品
  • 丛书相关作品
  • 出版社相关作品

书目信息

  • 表格格式
  • 工作单格式
  • 卡片格式
书名: Television and radio announcing
作者: Stuart Hyde.
分册号:
分册名:
出版地: Boston :
 
出版社: Houghton Mifflin
出版时间: c1998.
页数: xx, 665 p. :
开本: 25 cm.
丛书名:
中图分类号:
科图分类号:
其他分类号: G22
主题词:
电子资源:
000 01005nam a2200313 a 450
001 E0732179411
005 20070514090619.93
008 980410s1998 maua b 000 0 eng
010    @a97072491
020    @a0395875404.
035    @A(DLC) 97072491
040    @aDLC@cDLC
050 00 @aPN1990.9.A54@bH9 1998
082 00 @a791.44/3@2 21
090    @aG22
099    @dG22@ex38=8
100 1  @aHyde, Stuart Wallace@d1923-
245 10 @aTelevision and radio announcing / @cStuart Hyde.
246 18 @aTelevision & radio announcing
250    @a8th ed.
260    @aBoston :@bHoughton Mifflin,@cc1998.
300    @axx, 665 p. :@bill. ;@c25 cm.
504    @aIncludes bibliographical references (p. 624-636) and index.
650  0 @aTelevision announcing
650  0 @aRadio announcing.
906    @a7@bcbc@corignew@d2@eopcn@f19@gy-gencatlg
922    @aco
955    @apb04 04-10-98 to cat.; jh11 (desc-subj) 6-24-98; jh20 06-25-98
991    @bc-GenColl@hPN1990.9.A54@iH9 1998@tCopy 1@wBOOKS
    
    Television and radio announcing / / Stuart Hyde.-8th ed.-Boston : : Houghton Mifflin, , c1998.
    xx, 665 p. : : ill. ; ; 25 cm.
    Includes bibliographical references (p. 624-636) and index.
    
    ISBN 0395875404.
    
●
相关链接 在E读中查询图书 在五车中查询图书 在当当中查询图书 在豆瓣中查询图书


正题名:Television and radio announcing     索取号:G22/x38=8         预约/预借

序号 登录号 条形码 馆藏地/架位号 状态 备注
1 8862   300088624   第二样本阅览室/ [索取号:G22/x38=8] 在馆    
2 8863   300088633   第四借阅区/ [索取号:G22/x38=8] 在馆    
3 8864   300088642   第四借阅区/ [索取号:G22/x38=8] 在馆    
唐山师范学院图书馆 欢迎您!
大连网信软件有限公司© 版权所有